| 000 | 01989nam0a2200373 i 4500 | ||
|---|---|---|---|
| 001 | RU\NLR\bibl\1986228 | ||
| 005 | 20260406022844.0 | ||
| 021 |
_aRU _b2012-96019 _97108 |
||
| 035 | _a(nilc)RuMoRGB-006504384 | ||
| 035 | _a(NLR Aleph) 001974842 | ||
| 090 |
_a4006896 _c4006896 |
||
| 100 | _a20121219d2012 u y0rusy50 ca | ||
| 101 | 0 | _arus | |
| 102 | _aRU | ||
| 105 | _aa ||||||||| | ||
| 200 | 1 |
_aМатематические модели в управлении геолого-техническими мероприятиями в газодобывающей отрасли _fР.А. Гасумов, К.С. Ахмедов, В.А. Толпаев, А.Г. Филиппов _gОткрытое акционерное о-во "Газпром", О-во с ограниченной отв. "Газпром экспо" |
|
| 210 |
_aМосква _cГазпром экспо _d2012 |
||
| 215 |
_a127 с. _cил., цв. ил., портр., табл. _d25 |
||
| 320 | _aБиблиогр.: с. 117-121 | ||
| 606 | 1 |
_aГазовые скважины _xДебит _xОпределение _92097559 _3RU\NLR\auth\661268977 |
|
| 606 | 1 |
_aГазовые скважины _xИсследования _xМатематические методы _91323573 _3RU\NLR\auth\66234440 |
|
| 686 | _aИ362-116 | ||
| 686 | _aИ362-1с11 | ||
| 701 | 1 |
_4070 _8rus _7ca _aГасумов _bР. А. оглы _f1958- _gРамиз Алиджавад оглы _3RU\NLR\auth\7725284 _98333 |
|
| 701 | 1 |
_aАхмедов _bК. С. _gКурбан Сапижуллаевич _4070 |
|
| 701 | 1 |
_aТолпаев _bВ. А. _gВладимир Александрович _4070 |
|
| 701 | 1 |
_4070 _8rus _7ca _aФилиппов _bА. Г. _cканд. техн. наук _gАндрей Геннадьевич _3RU\NLR\auth\77124392 _9107317 |
|
| 801 | 0 |
_aRU _bRuMoRKP _c20121219 _gRCR |
|
| 801 | 2 |
_aRU _bРГБ _c20130114 _grcr |
|
| 801 | 1 |
_aRU _bRuMoRKP _c20121219 _2rusmarc |
|
| 801 | 2 |
_aRU _bNLR _c20130111 _grcr |
|
| 942 | _cBOOK | ||
| 980 | _aNBR | ||